000
00196 a2200097 4500
001
59079
100
_a
245
_a
Breaking Dawn
260
_a
Great Britain
_b
Atom
_c
2008
090
_c
36179
_d
36179
942
_a
NUST-CAE
_c
_c
29090
999
_c
294152
_d
294152